Management Analysis of Company Performance in a Selected Company

Projekt rozšírenia a opravy priestoru vo vybranom podniku metódou Six Sigma. Čiastkovým cieľom je modernizácia technického zabezpečenia.

Na minha lista:
Detalhes bibliográficos
Autor principal: Kaselyová, Paulína, 1995-
Outros Autores: Skočejová, Erika, Očko, Petr
Formato: Capítulo de Livro
Idioma:inglês
Assuntos:
Tags: Adicionar Tag
Sem tags, seja o primeiro a adicionar uma tag!

MARC

LEADER 00000naa$a2200000$$$4500
001 0281283
005 20240502074356.0
041 0 |a eng 
044 |a SK 
245 1 0 |a Management Analysis of Company Performance in a Selected Company  |c Paulína Kaselyová, Erika Skočejová, Petr Očko 
520 |a Projekt rozšírenia a opravy priestoru vo vybranom podniku metódou Six Sigma. Čiastkovým cieľom je modernizácia technického zabezpečenia. 
610 2 0 |a manažerizmus 
610 2 0 |a výkonnosť podniku 
610 2 0 |a zisk podnikový 
610 2 0 |a modernizácia technológie 
100 1 |a Kaselyová, Paulína, 1995- 
700 1 |a Skočejová, Erika 
700 1 |a Očko, Petr